Light On Yoga (Record no. 2374)
[ view plain ]
| 000 -LEADER | |
|---|---|
| fixed length control field | 00277nam a2200133Ia 4500 |
| 008 - FIXED-LENGTH DATA ELEMENTS--GENERAL INFORMATION | |
| fixed length control field | 220613s9999||||xx |||||||||||||| ||und|| |
| 100 ## - MAIN ENTRY--PERSONAL NAME | |
| Author Name | B K Siyenger |
| 245 #0 - TITLE STATEMENT | |
| Title | Light On Yoga |
| 250 ## - EDITION STATEMENT | |
| Edition | 1976 |
| 260 ## - PUBLICATION, DISTRIBUTION, ETC. (IMPRINT) | |
| Name of publisher | SCHOCKEN BOOKS |
| 300 ## - PHYSICAL DESCRIPTION | |
| Page No | 544 |
| 650 ## - SUBJECT ADDED ENTRY--TOPICAL TERM | |
| Subject | Yoga |
| 942 ## - ADDED ENTRY ELEMENTS (KOHA) | |
| Koha item type | GB |
| Withdrawn status | Lost status | Source of classification or shelving scheme | Damaged status | Not for loan | Home library | Current library | Date acquired | Total Checkouts | Barcode | Koha item type | Cost, normal purchase price (Rupees) | Date last seen | Price effective from |
|---|---|---|---|---|---|---|---|---|---|---|---|---|---|
| Dewey Decimal Classification | SRHU Library System | SRHU Library System | 30/03/2023 | CL0002838 | Swami Rama Section | ||||||||
| Dewey Decimal Classification | SRHU Library System | SRHU Library System | 11/01/2025 | CL0023902 | GB | 599.00 | 11/01/2025 | 11/01/2025 | |||||
| Dewey Decimal Classification | SRHU Library System | SRHU Library System | 11/01/2025 | CL0023903 | GB | 599.00 | 11/01/2025 | 11/01/2025 | |||||
| Dewey Decimal Classification | SRHU Library System | SRHU Library System | 11/01/2025 | CL0023904 | GB | 599.00 | 11/01/2025 | 11/01/2025 |
